• 首页
  • 本馆介绍
  • 公告通知
  • 最新文献
  • 馆藏检索
  • 电子资源
  • 读者导购
  • 参考咨询
  • 我的图书馆
  • 登录
  • 详细信息显示
  • 放入我的书架
  • 预约/预借图书
  • 作者相关作品
  • 分类相关作品
  • 丛书相关作品
  • 出版社相关作品

书目信息

  • 表格格式
  • 工作单格式
  • 卡片格式
题名:
诗词创作发凡
    
 
作者: 黄天骥 著
分册:  
出版信息: 广州   广东人民出版社  2003
页数: 14,11,603页
开本: 20cm
丛书名:
单 册:
中图分类: I052
科图分类:
主题词: 诗词--文学创作
电子资源:
ISBN: 7-218-04374-7
000 00710nam0 2200229 450
001 05002546026
005 20051114165607.53
010    @a7-218-04374-7@dCNY38.00
092    @aCN
100    @a20040625d2003 ekmy0chiy0120 ea
101 0  @achi
102    @aCN@b440000
105    @ay z 000yy
200 1  @a诗词创作发凡@9shi ci chuang zuo fa fan@f黄天骥著@Fhuang tian ji zhu
210    @a广州@c广东人民出版社@d2003
215    @a14,11,603页@d20cm
330    @a本书对诗词的格律、诗词的体性、感情与题材、意境的创造以及诗词的意匠五大部分,十八章内容进行了阐述。
606 0  @a诗词@x文学创作
690    @aI052@v4
701  0 @a黄天骥@Ahuang tian ji@4著
801  0 @aCN@bTSSF@c20051114
905    @a10447@dI052@e129
    
    诗词创作发凡/黄天骥著.-广州:广东人民出版社,2003
    14,11,603页;20cm
    
    
    ISBN 7-218-04374-7:CNY38.00
    本书对诗词的格律、诗词的体性、感情与题材、意境的创造以及诗词的意匠五大部分,十八章内容进行了阐述。
●
相关链接 在E读中查询图书 在五车中查询图书 在当当中查询图书 在豆瓣中查询图书


正题名:诗词创作发凡     索取号:I052/129         预约/预借

序号 登录号 条形码 馆藏地/架位号 状态 备注
1 0367317   203673177   第一样本阅览室/ [索取号:I052/129] 在馆    
2 0367318   203673186   第二借阅区/ [索取号:I052/129] 在馆    
3 0367319   203673195   第二借阅区/ [索取号:I052/129] 在馆    
4 0367320   203673202   第二借阅区/ [索取号:I052/129] 在馆    
5 0367321   203673211   第二借阅区/ [索取号:I052/129] 在馆    
唐山师范学院图书馆 欢迎您!
大连网信软件有限公司© 版权所有